Management strategies and skills / (Record no. 58378)

MARC details
000 -LEADER
fixed length control field 00918nam a22002657a 4500
005 - DATE AND TIME OF LATEST TRANSACTION
control field 20111115122642.0
008 - FIXED-LENGTH DATA ELEMENTS--GENERAL INFORMATION
fixed length control field 111115t xxu||||| |||| 00| 0 eng d
010 ## - LCCN (DPL NO)
LC control number ENG-104108
020 ## - INTERNATIONAL STANDARD BOOK NUMBER
International Standard Book Number 9780071321075
Terms of availability 550.00
020 ## - INTERNATIONAL STANDARD BOOK NUMBER
International Standard Book Number 0071321071
Terms of availability 550.00
035 ## - SYSTEM CONTROL NUMBER
System control number EN-87641
037 ## - SOURCE OF ACQUISITION
Source of stock number/acquisition DBAD/PUB
040 ## - CATALOGING SOURCE
Original cataloging agency DPL
Language of cataloging Eng
082 ## - DEWEY DECIMAL CLASSIFICATION NUMBER
Classification number 658
100 ## - MAIN ENTRY--PERSONAL NAME
Personal name Dwyer, Judith
9 (RLIN) 35823
245 ## - TITLE STATEMENT
Title Management strategies and skills /
Statement of responsibility, etc by Judith Dwyer [and] Nicole Hopwood
260 ## - PUBLICATION, DISTRIBUTION, ETC. (IMPRINT)
Place of publication, distribution, etc New Delhi
Name of publisher, distributor, etc Tata McGraw Hill
Date of publication, distribution, etc 2011
270 ## - ADDRESS
Address 7 West Patel Nagar
City New Delhi
Postal code 110008
300 ## - PHYSICAL DESCRIPTION
Extent xiv,658p.
Dimensions 26cm (pbk)
500 ## - GENERAL NOTE
General note Includes bibliographical references and index
650 ## - SUBJECT ADDED ENTRY--TOPICAL TERM
Topical term or geographic name as entry element Management
9 (RLIN) 35824
700 ## - ADDED ENTRY--PERSONAL NAME
Personal name Hopewood, Nicole
9 (RLIN) 35825
942 ## - ADDED ENTRY ELEMENTS (KOHA)
Source of classification or shelving scheme Dewey Decimal Classification
Item type English Books
Classification part 658
Call number suffix DWY
Holdings
Withdrawn status Lost status Source of classification or shelving scheme Damaged status Not for loan Collection code Home library Current library Date acquired Source of acquisition Cost, normal purchase price Total Checkouts Full call number Barcode Date last seen Copy number Cost, replacement price Koha item type
    Dewey Decimal Classification   Not For Loan Non-fiction D.B.Act.Division D.B.Act.Division 15/11/2011 DBAD/PUB 550.00   658 DWY EN-87641 15/11/2011 1 550.00 English Books

© Delhi Public Library
Hit Counter
free hit counter